| 000 | 00841nam a2200253 4500 | ||
|---|---|---|---|
| 999 |
_c85213 _d322490 |
||
| 001 | |||
| 003 | |||
| 005 | 20221214132310.0 | ||
| 008 | 191119s2018 xx a b 000 0 eng d | ||
| 020 | _a9789775239488 | ||
| 040 |
_ama-un _cma-un |
||
| 082 |
_221 _a418.02 _bEAL |
||
| 100 | 1 |
_aElewa, Abdelhamid. _e _9114340 |
|
| 245 | 1 | 0 |
_aLevels of translation / _cAbdelhamid Elewa. |
| 250 | _a8th ed. | ||
| 260 |
_a[Place of publication not identified] : _bQalam for Transaltion and Publication ; _c2018 |
||
| 300 |
_a512 p. : _bill. ; _c24 cm. |
||
| 504 | _aIncludes bibliographical references (pages 503-512). | ||
| 650 | 0 |
_aArabic language _xTranslating. _9114343 |
|
| 650 | 0 |
_aTranslating and interpreting. _9114344 |
|
| 650 | 7 |
_aArabic language _xTranslating. _9114343 |
|
| 650 | 7 |
_aTranslating and interpreting. _9114344 |
|
| 942 |
_2ddc _cBOOK |
||